Word Ladder: USA Olympic Basketball Quiz Stats

 Plays Quiz Updated Aug 17, 2016

Challenge
Share
Tweet
Embed
Score 0/26 Timer 03:00
1 Play Today
Clue 4-Letter Word % Correct
To create or craft somethingMAKE
96%
Ceremony that follows a funeral WAKE
92.9%
◯‍ Former Team USA Men's co-captain Dwyane ◯‍◯‍WADE◯‍
90.1%
Give someone a value from 1 to 10RATE
88.2%
An unknown bar or restaurant is a '___ in the wall'HOLE
88.2%
A part in a movie or playROLE
87.1%
A boxer's pre-fight 'outfit'ROBE
85.5%
Life's course as controlled by unseen forcesFATE
85.1%
◯‍ Longtime Team USA Men's coach Krzyzewski ◯‍◯‍MIKE◯‍
84.5%
Liver fluidBILE
84.3%
◯‍ Former Team USA Men's player Bryant ◯‍◯‍KOBE◯‍
82.7%
Grow faint or dissipate FADE
82.2%
The central layer of somethingCORE
81%
Clue 4-Letter Word % Correct
A religious practice or conventionRITE
80.2%
A cable used to carry electricityCORD
80%
Credit, playing, yellow, e.g.CARD
80%
American spy executed for treason NathanHALE
79.3%
A passagewayHALL
79.2%
To annoy or irritateRILE
78.9%
To carry or lug with much effortHAUL
76%
◯‍ Longtime Team USA Women's player Sue ◯‍◯‍BIRD◯‍
75.4%
An oratory poetBARD
75.4%
To tie upBIND
73.7%
The flexible stem of certain plantsBINE
68.8%
Ancient Greek statue of a clothed standing womanKORE
68.1%
◯‍ 2016 Team USA Men's member George ◯‍◯‍PAUL◯‍
66.6%

Today's Daily Dose

You're not logged in!

Compare scores with friends on all Sporcle quizzes.
OR
Log In

You Might Also Like...

Show Comments

Extras

Top Quizzes Today


Score Distribution

Your Account Isn't Verified!

In order to create a playlist on Sporcle, you need to verify the email address you used during registration. Go to your Sporcle Settings to finish the process.

Report this User

Report this user for behavior that violates our Community Guidelines.

Details: